Ciudades más grandes de América Latina • A-Z - Estadísticas

Estadísticas generales
  • Esta prueba ha sido intentada 304 veces
    303 desde el último reinicio
  • La puntuación promedio es 12 de 26
Estadísticas de respuestas
# Population # City # % Correcto
B 7, 862, 227 CO Bogota B
96%
L 8, 894, 421 PE Lima L
96%
C 3, 289, 883 VE Caracas C
94%
M 8, 918, 653 MX (Ciudad de) Mexico M
92%
Q 2, 551, 721 EC Quito Q
87%
S 11, 967, 825 BR Saõ Paulo S
87%
R 6, 476, 631 BR Rio de Janeiro R
86%
G 2, 589, 229 EC Guayaquil G
77%
H 2, 117, 625 CU (La) Habana H
68%
K 577, 774 JM Kingston K
64%
F 2, 591, 188 BR Fortaleza F
63%
A 869, 351 PE Arequipa A
50%
P 1, 746, 867 BR Porto Alegre P
50%
T 1, 298, 475 MX Tijuana T
50%
J 1, 382, 753 MX Juárez J
49%
V 901, 900 VE Valencia V
38%
E 1, 677, 687 MX Ecatepec de Morelos E
21%
X 475, 506 ME Xalapa-Enriquez X
15%
I 523, 057 CO Ibague I
13%
Z 1, 179, 681 MX Zapopan Z
12%
N 1, 039, 867 MX Nezahualcóyotl N
10%
U 667, 668 BR Uberlândia U
10%
D 882, 729 BR Duque de Caxias D
4%
O 694, 844 BR Osasco O
2%
Y 120, 000 VE Yaritagua Y
2%
W 47, 231 NI Waspam W
1%
No se encontraron pruebas coincidentes
Distribución de puntuación
Porcentaje de gente con cada puntuación
Porcentaje por número respondido
Historial de tus puntuaciones
No has intentado esta prueba desde el último reinicio